000 00312nam a22001337a 4500
008 170621b xxu||||| |||| 00| 0 eng d
020 _a0684164892
041 _aeng
080 _a94
100 _a16
101 _aSHH
245 _aTHE PROTESTANT ETHIC AND THE SPIRIT OF CAPITALISM
_cWEBER,M
942 _2udc
_cBK
999 _c18507
_d18507